<?xml version="1.0" encoding="UTF-8"?>
<marc:record xmlns:marc="http://www.loc.gov/MARC21/slim">
   <marc:leader>00000nam a2200000 a 4500</marc:leader>
   <marc:datafield ind1="0" ind2="0" tag="245">
      <marc:subfield code="a">The Equalizer</marc:subfield>
   </marc:datafield>
   <marc:datafield ind1="0" ind2="0" tag="245">
      <marc:subfield code="c">Washington, Denzel</marc:subfield>
   </marc:datafield>
   <marc:datafield ind1=" " ind2="1" tag="264">
      <marc:subfield code="a">München</marc:subfield>
      <marc:subfield code="b">Columbia Pictures</marc:subfield>
      <marc:subfield code="c">2014</marc:subfield>
   </marc:datafield>
   <marc:datafield ind1="1" ind2=" " tag="520">
      <marc:subfield code="a">McCall hat seine mysteriöse Vergangenheit hinter sich gelassen und lebt nun ein ruhiges Leben. Doch als er Teri trifft, ein Mädchen in den Klauen eines gewälttätigen russischen Gangsters, kann er nicht tatenlos zusehen. McCalls Wunsch nach Gerechtigkeit ist zu stark. So beendet er seine selbst auferlegte Rente und übt mit seinen geheimen Fähigkeiten Rache für Opfer von Gewalttaten. Wer ein Problem hat, gegen wen sich das Schicksal verschworen hat, wer Hilfe von niemanden erwarten kann - McCall ist zur Stelle. Er ist Equalizer.</marc:subfield>
   </marc:datafield>
   <marc:datafield ind1=" " ind2=" " tag="020">
      <marc:subfield code="a">4030521735361</marc:subfield>
      <marc:subfield code="9">4030521735361</marc:subfield>
   </marc:datafield>
   <marc:datafield ind1=" " ind2=" " tag="500">
      <marc:subfield code="a">ab 16 Jahren</marc:subfield>
   </marc:datafield>
   <marc:datafield ind1="0" ind2=" " tag="490">
      <marc:subfield code="v">0</marc:subfield>
   </marc:datafield>
   <marc:datafield ind1=" " ind2=" " tag="300">
      <marc:subfield code="a">ca. 127 Min.</marc:subfield>
   </marc:datafield>
</marc:record>
